000 00247nam a2200109Ia 4500
008 190216s9999||||xx |||||||||||||| ||und||
100 _aWodehouse P G
245 0 _aYoung Men In Sports
260 _bPenguin Books
650 _aEnglish
942 _cBK
999 _c12742
_d12742